000 00292nam a2200121Ia 4500
008 231011s9999 xx 000 0 und d
041 _aeng
100 _aRathore P.S.
245 _adiscover the Power within
260 _bSterling Pub Ltd ,NewDelhi -
_c2009
300 _a206
365 _b182
999 _c899402
_d899402